| 000 | 01801cam a2200373 a 4500 | ||
|---|---|---|---|
| 001 | 15187113 | ||
| 003 | USPCAS-E | ||
| 005 | 20180118181413.0 | ||
| 008 | 080220s2008 nyua 001 0 eng | ||
| 010 | _a 2008008028 | ||
| 020 | _a9780071496599 (alk. paper) | ||
| 020 | _a0071496599 (alk. paper) | ||
| 035 | _a(OCoLC)ocn196315985 | ||
| 035 | _a(OCoLC)196315985 | ||
| 040 |
_aDLC _cDLC _dYDX _dBAKER _dYDXCP _dBUR _dQBX _dBTCTA _dDLC |
||
| 050 | 0 | 0 |
_aTK2931 _b.H35 2006 |
| 082 | 0 | 0 |
_a621.312429 _222 _bHAR-F 2008 |
| 100 | 1 | _aHarper, Gavin D. J. | |
| 245 | 1 | 0 |
_aFuel cell projects for the evil genius / _cGavin D. J. Harper. |
| 260 |
_aNew York : _bMcGraw-Hill, _cc2008. |
||
| 300 |
_ax, 196 p. : _bill. ; _c28 cm. |
||
| 440 | 0 | _aEvil genius series | |
| 500 | _aIncludes index. | ||
| 502 | _a0 | ||
| 504 | _aIncludes bibliographical references and index. | ||
| 520 | _aA fun and environmentally-aware project book focusing on fuel cells--technologies that generate electrical power whose only waste output is water. Includes concepts important to fuel cell technology, how to build a simple fuel cell, and why the hydrogen economy will be penetrating everyone's life during the next decade.--From publisher description. | ||
| 650 | 0 | _aFuel cells. | |
| 856 | 4 | 2 |
_3Contributor biographical information _uhttp://www.loc.gov/catdir/enhancements/fy0814/2008008028-b.html |
| 856 | 4 | 2 |
_3Publisher description _uhttp://www.loc.gov/catdir/enhancements/fy0814/2008008028-d.html |
| 856 | 4 | 1 |
_3Table of contents only _uhttp://www.loc.gov/catdir/enhancements/fy0814/2008008028-t.html |
| 906 |
_a7 _bcbc _corignew _d1 _eecip _f20 _gy-gencatlg |
||
| 942 |
_2ddc _cBK |
||
| 999 |
_c355763 _d355763 |
||